00353nam a2200157Ia 45000010006000000050017000060080041000230410008000640820013000721000029000852450028001142600009001423000028001516500008001796540008001872142420260306172918.0260306t2005||||xx |||||||||||||| ||spa|| aESP a345bB12 aBacigalupo, EnriqueeAUT 0aEl debido proceso penal c2005 a263 páginas :c23 cm. aGEN aCDE